000 00861nam a22002177a 4500
003 UA-OsUOA
001 80152
007 ta
008 20111130b un ||||| |||| 00| 0 ukr d
100 _aКеранчук Т.Л.
090 _a658
_bК36
942 _cSA
040 _aUA-OsUOA
_bukr
_cUA-OsUOA
_dUA-OsUOA
245 _aКонцепція вартісно-орієнтованого управління підприємством та можливості її адаптаці в Україні
300 _aС.104-114
955 _a0
041 _aukr
080 _a658
773 0 _w80143
_tФінанси України
_dК.
_d2011
_g7
650 7 _a658 Управління торговельно-промисловою діяльністю. Бізнес-менеджмент. Економіка підприємств. Організація та
_2UDC
999 _c366471
_d366471